Syajar

Bibliographic Details
Main Author: Mana Sikana
Format: Book
Published: Shah Alam : Penerbit Fajar Bakti , 1995

MARC

LEADER 00000cam a2200000 7i4500
001 0000023708
002 000025616
005 20000330.0
020 |a 9676535427 
090 0 0 |a F   |b MAN 
100 0 |a Mana Sikana 
245 1 0 |a Syajar   |c Mana Sikana 
260 |a Shah Alam :   |b Penerbit Fajar Bakti ,   |c 1995 
300 |a 281p. ;   |c 18cm. 
999 |a 076693   |b BUKU   |c PINJAMAN   |e PERPUSTAKAAN KOMUNITI PETALING JAYA 
999 |a 076694   |b BUKU   |c PINJAMAN   |e PERPUSTAKAAN KOMUNITI PETALING JAYA